Transfrontier Movements of Hazardous Wastes 1989-1990 Statistics

Guardado en:
Detalles Bibliográficos
Formato: Libro
Lenguaje:inglés
Publicado: Paris OECD 1993
Materias:
Etiquetas: Agregar Etiqueta
Sin Etiquetas, Sea el primero en etiquetar este registro!

MARC

LEADER 00000nam a2200000 4500
001 c002927
005 20240422080537.1
020 |a 92-64-13943-5 
041 0 |a eng 
044 |a FR 
245 1 0 |a Transfrontier Movements of Hazardous Wastes  |b 1989-1990 Statistics 
264 1 |a Paris  |b OECD  |c 1993 
300 |a 15 s. 
610 2 0 |a látky chemické 
610 2 0 |a dovoz 
610 2 0 |a vývoz 
610 2 0 |a kontrola 
610 2 0 |a ochrana prostredia životného